[Event "DEM U12w 2023"]
[Site "Willingen GER"]
[Date "2023.05.28"]
[Round "2"]
[White "Mader, Theresa"]
[Black "Färber, Anna"]
[Result "1/2-1/2"]
[Termination "normal"]
[Board "8"]
[WhiteElo "1229"]
[BlackElo "1252"]
[WhiteClock "00:11:52"]
[BlackClock "00:17:31"]
[PlyCount "77"]
[WhiteFideId "34605657"]
[BlackFideId "34633480"]
[EventCountry "GER"]
[EventRounds "9"]
[EventType "swiss"]
[EventDate "2023.05.27"]

1. d4 {[%clk 01:30:59]} f5 {[%clk 01:30:49]} {[%emt 00:00:12]} 2. c4 {[%clk
01:31:00]} {[%emt 00:00:28]} Nf6 {[%clk 01:31:00]} {[%emt 00:00:19]} 3. Bf4
{[%clk 01:30:52]} {[%emt 00:00:38]} g6 {[%clk 01:31:05]} {[%emt 00:00:25]} 4.
e3 {[%clk 01:30:47]} {[%emt 00:00:35]} Bg7 {[%clk 01:31:17]} {[%emt 00:00:18]}
5. Nf3 {[%clk 01:30:26]} {[%emt 00:00:51]} O-O {[%clk 01:31:26]} {[%emt
00:00:21]} 6. Nc3 {[%clk 01:29:59]} {[%emt 00:00:56]} d6 {[%clk 01:31:10]}
{[%emt 00:00:47]} 7. Be2 {[%clk 01:29:01]} {[%emt 00:01:27]} e6 {[%clk
01:30:51]} {[%emt 00:00:50]} 8. O-O {[%clk 01:27:44]} {[%emt 00:01:46]} Qe7
{[%clk 01:30:08]} {[%emt 00:01:14]} 9. h3 {[%clk 01:26:48]} {[%emt 00:01:26]}
Nbd7 {[%clk 01:29:29]} {[%emt 00:01:10]} 10. Rc1 {[%clk 01:24:49]} {[%emt
00:02:28]} c6 {[%clk 01:25:11]} {[%emt 00:04:49]} 11. Re1 {[%clk 01:21:19]}
{[%emt 00:03:58]} Re8 {[%clk 01:22:07]} {[%emt 00:03:34]} 12. Qc2 {[%clk
01:14:38]} {[%emt 00:07:11]} h6 {[%clk 01:15:00]} {[%emt 00:07:38]} 13. Bh2
{[%clk 01:07:10]} {[%emt 00:07:57]} e5 {[%clk 01:05:21]} {[%emt 00:10:11]} 14.
Rcd1 {[%clk 00:58:57]} {[%emt 00:08:42]} e4 {[%clk 00:59:01]} {[%emt 00:06:51]}
15. Nd2 {[%clk 00:58:14]} {[%emt 00:01:12]} Nb6 {[%clk 00:57:01]} {[%emt
00:02:29]} 16. Qb3 {[%clk 00:52:35]} {[%emt 00:06:10]} d5 {[%clk 00:54:58]}
{[%emt 00:02:33]} 17. Rc1 {[%clk 00:45:20]} {[%emt 00:07:45]} Kh7 {[%clk
00:51:51]} {[%emt 00:03:38]} 18. cxd5 {[%clk 00:44:12]} {[%emt 00:01:38]} Nfxd5
{[%clk 00:51:24]} {[%emt 00:00:56]} 19. Nxd5 {[%clk 00:43:42]} {[%emt
00:01:00]} Nxd5 {[%clk 00:51:25]} {[%emt 00:00:29]} 20. Nc4 {[%clk 00:42:57]}
{[%emt 00:01:14]} Be6 {[%clk 00:49:33]} {[%emt 00:02:22]} 21. Qd1 {[%clk
00:42:05]} {[%emt 00:01:22]} Qb4 {[%clk 00:44:31]} {[%emt 00:05:34]} 22. Qd2
{[%clk 00:37:01]} {[%emt 00:05:34]} Qxd2 {[%clk 00:44:49]} {[%emt 00:05:44]}
23. Nxd2 {[%clk 00:32:43]} {[%emt 00:00:15]} Nb6 {[%clk 00:43:06]} {[%emt
00:02:13]} 24. a3 {[%clk 00:31:56]} {[%emt 00:01:17]} Rac8 {[%clk 00:41:13]}
{[%emt 00:02:23]} 25. b4 {[%clk 00:31:36]} {[%emt 00:00:50]} Bf8 {[%clk
00:38:53]} {[%emt 00:02:51]} 26. Rc2 {[%clk 00:29:36]} {[%emt 00:02:29]} Red8
{[%clk 00:37:58]} {[%emt 00:01:25]} 27. Rb1 {[%clk 00:28:14]} {[%emt 00:01:52]}
Kg7 {[%clk 00:35:42]} {[%emt 00:02:46]} 28. Nb3 {[%clk 00:26:56]} {[%emt
00:01:48]} Bxb3 {[%clk 00:34:55]} {[%emt 00:01:18]} 29. Rxb3 {[%clk 00:27:11]}
{[%emt 00:00:14]} Nd5 {[%clk 00:30:04]} {[%emt 00:05:21]} 30. Be5+ {[%clk
00:25:07]} {[%emt 00:02:34]} Kf7 {[%clk 00:29:47]} {[%emt 00:00:46]} 31. Rc1
{[%clk 00:21:57]} {[%emt 00:03:41]} a6 {[%clk 00:27:18]} {[%emt 00:03:00]} 32.
g4 {[%clk 00:20:23]} {[%emt 00:02:03]} Ke6 {[%clk 00:24:06]} {[%emt 00:03:42]}
33. Kh1 {[%clk 00:17:16]} {[%emt 00:03:36]} Be7 {[%clk 00:23:16]} {[%emt
00:01:20]} 34. Rg1 {[%clk 00:16:01]} {[%emt 00:01:45]} Rg8 {[%clk 00:22:37]}
{[%emt 00:01:09]} 35. Rb2 {[%clk 00:14:34]} {[%emt 00:01:57]} Bh4 {[%clk
00:20:17]} {[%emt 00:02:50]} 36. Bc4 {[%clk 00:12:42]} {[%emt 00:02:23]} Rcf8
{[%clk 00:19:15]} {[%emt 00:01:32]} 37. Bg3 {[%clk 00:11:45]} {[%emt 00:01:26]}
Be7 {[%clk 00:18:12]} {[%emt 00:01:34]} 38. Be5 {[%clk 00:11:33]} {[%emt
00:00:42]} Bh4 {[%clk 00:17:31]} {[%emt 00:01:12]} 39. Bg3 {[%clk 00:11:52]}
{[%emt 00:00:10]} 1/2-1/2

[Event "DEM U12w 2023"]
[Site "Willingen GER"]
[Date "2023.05.28"]
[Round "2"]
[White "Dhanasekaran Meenambigai, Diya"]
[Black "Wang, Enya Marie"]
[Result "1/2-1/2"]
[Termination "normal"]
[Board "9"]
[WhiteElo "1440"]
[BlackElo "1156"]
[WhiteClock "00:49:39"]
[BlackClock "00:52:12"]
[PlyCount "62"]
[WhiteFideId "34611924"]
[BlackFideId "34660330"]
[EventCountry "GER"]
[EventRounds "9"]
[EventType "swiss"]
[EventDate "2023.05.27"]

1. e4 {[%clk 01:30:56]} {[%emt 00:00:02]} c5 {[%clk 01:30:56]} {[%emt
00:00:05]} 2. Nf3 {[%clk 01:31:13]} {[%emt 00:00:12]} Nc6 {[%clk 01:31:13]}
{[%emt 00:00:13]} 3. Nc3 {[%clk 01:31:18]} {[%emt 00:00:26]} g6 {[%clk
01:31:32]} {[%emt 00:00:10]} 4. d4 {[%clk 01:30:57]} {[%emt 00:00:52]} cxd4
{[%clk 01:31:45]} {[%emt 00:00:17]} 5. Nxd4 {[%clk 01:30:30]} {[%emt 00:00:57]}
Bg7 {[%clk 01:31:55]} {[%emt 00:00:19]} 6. Be3 {[%clk 01:30:25]} {[%emt
00:00:34]} Nf6 {[%clk 01:31:52]} {[%emt 00:00:33]} 7. f3 {[%clk 01:30:36]}
{[%emt 00:00:21]} O-O {[%clk 01:31:55]} {[%emt 00:00:27]} 8. Qd2 {[%clk
01:30:37]} {[%emt 00:00:29]} d5 {[%clk 01:32:01]} {[%emt 00:00:22]} 9. exd5
{[%clk 01:29:12]} {[%emt 00:01:57]} Nxd5 {[%clk 01:32:11]} {[%emt 00:00:19]}
10. Nxd5 {[%clk 01:27:28]} {[%emt 00:02:14]} Qxd5 {[%clk 01:32:18]} {[%emt
00:00:22]} 11. Nxc6 {[%clk 01:26:42]} {[%emt 00:01:19]} Qxc6 {[%clk 01:32:16]}
{[%emt 00:00:32]} 12. c3 {[%clk 01:25:50]} {[%emt 00:01:20]} Bf5 {[%clk
01:31:19]} {[%emt 00:01:26]} 13. Be2 {[%clk 01:24:22]} {[%emt 00:01:59]} Rad8
{[%clk 01:28:44]} {[%emt 00:03:05]} 14. Qc1 {[%clk 01:23:57]} {[%emt 00:00:55]}
h5 {[%clk 01:26:27]} {[%emt 00:02:47]} 15. h3 {[%clk 01:23:22]} {[%emt
00:01:05]} Be5 {[%clk 01:25:17]} {[%emt 00:01:39]} 16. g4 {[%clk 01:20:45]}
{[%emt 00:03:08]} Bd3 {[%clk 01:23:45]} {[%emt 00:02:02]} 17. gxh5 {[%clk
01:17:15]} {[%emt 00:04:01]} g5 {[%clk 01:15:56]} {[%emt 00:08:19]} 18. Rg1
{[%clk 01:14:48]} {[%emt 00:02:56]} f6 {[%clk 01:13:53]} {[%emt 00:02:33]} 19.
h4 {[%clk 01:12:19]} {[%emt 00:02:59]} Kf7 {[%clk 01:10:03]} {[%emt 00:04:21]}
20. hxg5 {[%clk 01:09:49]} {[%emt 00:03:00]} fxg5 {[%clk 01:09:29]} {[%emt
00:01:03]} 21. Bxg5 {[%clk 01:08:18]} {[%emt 00:02:01]} Rg8 {[%clk 01:09:03]}
{[%emt 00:00:56]} 22. Qd2 {[%clk 01:04:45]} {[%emt 00:04:03]} Qc4 {[%clk
01:06:52]} {[%emt 00:02:40]} 23. Bxd3 {[%clk 01:04:17]} {[%emt 00:00:59]} Rxd3
{[%clk 01:06:05]} {[%emt 00:01:16]} 24. Qe2 {[%clk 01:02:50]} {[%emt 00:01:57]}
Bf6 {[%clk 01:05:03]} {[%emt 00:01:33]} 25. f4 {[%clk 01:01:12]} {[%emt
00:02:09]} e5 {[%clk 01:03:05]} {[%emt 00:02:27]} 26. Rg4 {[%clk 00:53:58]}
{[%emt 00:07:43]} Qd5 {[%clk 00:58:40]} {[%emt 00:04:57]} 27. Bxf6 {[%clk
00:50:15]} {[%emt 00:04:13]} Qh1+ {[%clk 00:50:58]} {[%emt 00:08:12]} 28. Kf2
{[%clk 00:50:15]} {[%emt 00:00:30]} Qh2+ {[%clk 00:51:18]} {[%emt 00:00:10]}
29. Ke1 {[%clk 00:50:02]} {[%emt 00:00:42]} Qh1+ {[%clk 00:51:37]} {[%emt
00:00:11]} 30. Kf2 {[%clk 00:50:00]} {[%emt 00:00:33]} Qh2+ {[%clk 00:52:00]}
{[%emt 00:00:07]} 31. Kf1 {[%clk 00:49:39]} {[%emt 00:00:50]} Qh1+ {[%clk
00:52:12]} {[%emt 00:00:17]} 1/2-1/2

[Event "DEM U12w 2023"]
[Site "Willingen GER"]
[Date "2023.05.28"]
[Round "2"]
[White "Rafikova, Ailin"]
[Black "Weyerer, Elea"]
[Result "1/2-1/2"]
[Termination "normal"]
[Board "10"]
[WhiteElo "1238"]
[BlackElo "1408"]
[WhiteClock "00:05:32"]
[BlackClock "01:04:40"]
[PlyCount "87"]
[WhiteFideId "34612173"]
[BlackFideId "34605770"]
[EventCountry "GER"]
[EventRounds "9"]
[EventType "swiss"]
[EventDate "2023.05.27"]

1. e4 {[%clk 01:30:43]} {[%emt 00:00:15]} d5 {[%clk 01:30:52]} {[%emt
00:00:10]} 2. exd5 {[%clk 01:30:42]} {[%emt 00:00:30]} Qxd5 {[%clk 01:31:12]}
{[%emt 00:00:10]} 3. Nc3 {[%clk 01:30:16]} {[%emt 00:00:57]} Qd8 {[%clk
01:31:27]} {[%emt 00:00:16]} 4. d4 {[%clk 01:30:06]} {[%emt 00:00:39]} c6
{[%clk 01:31:19]} {[%emt 00:00:36]} 5. Bc4 {[%clk 01:26:32]} {[%emt 00:04:05]}
Bf5 {[%clk 01:31:14]} {[%emt 00:00:35]} 6. Nf3 {[%clk 01:25:08]} {[%emt
00:01:54]} e6 {[%clk 01:30:01]} {[%emt 00:01:44]} 7. Bf4 {[%clk 01:24:10]}
{[%emt 00:01:28]} Bd6 {[%clk 01:29:02]} {[%emt 00:01:29]} 8. Bg3 {[%clk
01:23:11]} {[%emt 00:01:28]} Nf6 {[%clk 01:27:16]} {[%emt 00:02:17]} 9. a3
{[%clk 01:19:53]} {[%emt 00:03:48]} Bxg3 {[%clk 01:22:56]} {[%emt 00:04:50]}
10. hxg3 {[%clk 01:18:50]} {[%emt 00:01:33]} h6 {[%clk 01:21:55]} {[%emt
00:01:31]} 11. Ne5 {[%clk 01:12:07]} {[%emt 00:07:13]} Nbd7 {[%clk 01:21:32]}
{[%emt 00:00:52]} 12. Nxd7 {[%clk 01:10:57]} {[%emt 00:01:40]} Qxd7 {[%clk
01:21:35]} {[%emt 00:00:27]} 13. Ne2 {[%clk 01:09:20]} {[%emt 00:02:07]} Qd6
{[%clk 01:16:13]} {[%emt 00:05:53]} 14. c3 {[%clk 01:02:24]} {[%emt 00:07:26]}
Bg4 {[%clk 01:15:17]} {[%emt 00:01:22]} 15. Bd3 {[%clk 00:55:38]} {[%emt
00:07:19]} Bxe2 {[%clk 01:12:20]} {[%emt 00:03:29]} 16. Qxe2 {[%clk 00:53:57]}
{[%emt 00:02:09]} Qd5 {[%clk 01:10:19]} {[%emt 00:02:31]} 17. Rg1 {[%clk
00:49:22]} {[%emt 00:05:04]} O-O {[%clk 01:07:11]} {[%emt 00:03:40]} 18. O-O-O
{[%clk 00:45:37]} {[%emt 00:04:16]} b5 {[%clk 01:04:41]} {[%emt 00:02:59]} 19.
f4 {[%clk 00:41:41]} {[%emt 00:04:25]} a5 {[%clk 01:03:18]} {[%emt 00:01:53]}
20. Qf3 {[%clk 00:34:41]} {[%emt 00:07:30]} b4 {[%clk 00:59:46]} {[%emt
00:04:03]} 21. Qxd5 {[%clk 00:32:49]} {[%emt 00:02:20]} Nxd5 {[%clk 00:59:43]}
{[%emt 00:00:34]} 22. c4 {[%clk 00:31:26]} {[%emt 00:01:53]} Nb6 {[%clk
00:59:33]} {[%emt 00:00:36]} 23. c5 {[%clk 00:30:28]} {[%emt 00:01:33]} Nd5
{[%clk 00:58:34]} {[%emt 00:01:27]} 24. a4 {[%clk 00:29:52]} {[%emt 00:01:08]}
Rfd8 {[%clk 00:58:23]} {[%emt 00:00:38]} 25. Be4 {[%clk 00:28:26]} {[%emt
00:01:58]} f5 {[%clk 00:55:21]} {[%emt 00:03:32]} 26. Bf3 {[%clk 00:25:36]}
{[%emt 00:03:20]} g5 {[%clk 00:53:34]} {[%emt 00:02:14]} 27. fxg5 {[%clk
00:23:25]} {[%emt 00:02:44]} hxg5 {[%clk 00:53:32]} {[%emt 00:00:33]} 28. Rge1
{[%clk 00:20:58]} {[%emt 00:02:57]} g4 {[%clk 00:47:54]} {[%emt 00:06:09]} 29.
Bxd5 {[%clk 00:19:17]} {[%emt 00:02:09]} exd5 {[%clk 00:47:46]} {[%emt
00:00:39]} 30. Re5 {[%emt 00:03:15]} Rf8 {[%clk 00:46:23]} {[%emt 00:00:31]}
31. Rf1 {[%clk 00:16:36]} {[%emt 00:01:46]} Rae8 {[%clk 00:45:00]} {[%emt
00:01:55]} 32. Rexf5 {[%clk 00:13:09]} {[%emt 00:03:56]} Rxf5 {[%clk 00:43:31]}
{[%emt 00:02:00]} 33. Rxf5 {[%clk 00:12:53]} {[%emt 00:00:45]} Re4 {[%clk
00:41:08]} {[%emt 00:02:42]} 34. Rf4 {[%clk 00:10:49]} {[%emt 00:02:45]} Rxf4
{[%clk 00:38:55]} {[%emt 00:02:44]} 35. gxf4 {[%clk 00:10:01]} {[%emt
00:01:18]} Kf7 {[%clk 00:38:27]} {[%emt 00:00:58]} 36. Kd2 {[%clk 00:08:09]}
{[%emt 00:02:21]} Kf6 {[%clk 00:38:21]} {[%emt 00:00:37]} 37. Ke3 {[%clk
00:05:36]} {[%emt 00:03:02]} Kf5 {[%clk 00:37:19]} {[%emt 00:01:31]} 38. b3
{[%clk 00:05:06]} {[%emt 00:01:01]} Ke6 {[%clk 00:37:21]} {[%emt 00:00:25]} 39.
Kf2 {[%clk 00:04:00]} {[%emt 00:01:39]} Kf6 {[%clk 00:36:07]} {[%emt 00:01:44]}
40. Ke2 {[%clk 00:02:01]} {[%emt 00:02:28]} Ke6 {[%clk 00:35:45]} {[%emt
00:00:48]} 41. Kf2 {[%clk 00:00:55]} {[%emt 00:01:40]} Kf6 {[%clk 00:35:32]}
{[%emt 00:00:41]} 42. Ke2 {[%clk 00:06:09]} {[%emt 00:25:18]} Kf5 {[%clk
01:05:18]} {[%emt 00:00:42]} 43. Ke3 {[%clk 00:05:32]} {[%emt 00:01:09]} Kf6
{[%clk 01:04:40]} {[%emt 00:01:07]} 44. Kf2 {[%emt 00:01:52]} 1/2-1/2

[Event "DEM U12w 2023"]
[Site "Willingen GER"]
[Date "2023.05.28"]
[Round "2"]
[White "Malagatte, Samiksha"]
[Black "Fettan, Nua"]
[Result "1-0"]
[Termination "normal"]
[Board "12"]
[WhiteElo "1214"]
[BlackElo "1234"]
[WhiteClock "00:58:00"]
[BlackClock "00:55:17"]
[PlyCount "103"]
[WhiteFideId "34633790"]
[BlackFideId "34637362"]
[EventCountry "GER"]
[EventRounds "9"]
[EventType "swiss"]
[EventDate "2023.05.27"]

1. e4 {[%clk 01:30:59]} {[%emt 00:00:01]} e5 {[%clk 01:30:54]} {[%emt
00:00:06]} 2. Nf3 {[%clk 01:31:24]} {[%emt 00:00:05]} Nc6 {[%clk 01:31:17]}
{[%emt 00:00:07]} 3. d4 {[%clk 01:31:51]} {[%emt 00:00:03]} exd4 {[%clk
01:31:41]} {[%emt 00:00:05]} 4. Nxd4 {[%clk 01:32:11]} {[%emt 00:00:11]} Nf6
{[%clk 01:31:58]} {[%emt 00:00:12]} 5. Nxc6 {[%clk 01:32:33]} {[%emt 00:00:08]}
bxc6 {[%clk 01:32:12]} {[%emt 00:00:17]} 6. Bd3 {[%clk 01:32:50]} {[%emt
00:00:13]} d5 {[%clk 01:32:10]} {[%emt 00:00:32]} 7. Qe2 {[%clk 01:33:08]}
{[%emt 00:00:12]} Qe7 {[%clk 01:32:07]} {[%emt 00:00:32]} 8. Nd2 {[%clk
01:33:20]} {[%emt 00:00:19]} Qe6 {[%clk 01:29:49]} {[%emt 00:02:46]} 9. O-O
{[%clk 01:31:39]} {[%emt 00:02:13]} Bd6 {[%clk 01:27:18]} {[%emt 00:03:01]} 10.
Re1 {[%clk 01:27:09]} {[%emt 00:04:59]} O-O {[%clk 01:26:57]} {[%emt 00:00:52]}
11. e5 {[%clk 01:26:30]} {[%emt 00:01:09]} Ng4 {[%clk 01:21:26]} {[%emt
00:06:01]} 12. exd6 {[%clk 01:25:17]} {[%emt 00:01:44]} Qxd6 {[%clk 01:21:48]}
{[%emt 00:00:07]} 13. Nf3 {[%clk 01:25:18]} {[%emt 00:00:27]} Bd7 {[%emt
00:05:31]} 14. h3 {[%clk 01:22:58]} {[%emt 00:00:17]} Rfe8 {[%clk 01:18:27]}
{[%emt 00:02:05]} 15. Qd2 {[%clk 01:20:54]} {[%emt 00:02:34]} Ne5 {[%clk
01:17:29]} {[%emt 00:01:28]} 16. Nxe5 {[%clk 01:16:16]} {[%emt 00:05:05]} Rxe5
{[%clk 01:17:28]} {[%emt 00:00:33]} 17. Rxe5 {[%clk 01:10:03]} {[%emt
00:06:45]} Qxe5 {[%clk 01:16:27]} {[%emt 00:01:31]} 18. Rb1 {[%clk 01:06:18]}
{[%emt 00:04:15]} Re8 {[%emt 00:01:02]} 19. b3 {[%emt 00:01:51]} c5 {[%clk
01:07:35]} {[%emt 00:06:28]} 20. Bb2 {[%clk 01:05:03]} {[%emt 00:01:45]} d4
{[%clk 01:07:40]} {[%emt 00:00:26]} 21. c3 {[%clk 01:02:53]} {[%emt 00:02:40]}
a5 {[%clk 01:06:21]} {[%emt 00:01:49]} 22. cxd4 {[%clk 01:01:36]} {[%emt
00:01:47]} cxd4 {[%clk 01:06:00]} {[%emt 00:00:51]} 23. Bxd4 {[%clk 00:59:44]}
{[%emt 00:02:21]} Qd5 {[%clk 01:05:29]} {[%emt 00:01:02]} 24. Bc4 {[%clk
00:58:10]} {[%emt 00:02:04]} Qf5 {[%clk 01:05:04]} {[%emt 00:00:53]} 25. Re1
{[%clk 00:57:11]} {[%emt 00:01:31]} Rxe1+ {[%clk 01:02:25]} {[%emt 00:03:08]}
26. Qxe1 {[%clk 00:57:31]} {[%emt 00:00:10]} h6 {[%clk 01:02:07]} {[%emt
00:00:45]} 27. Qe7 {[%clk 00:55:47]} {[%emt 00:02:16]} Be6 {[%clk 00:58:39]}
{[%emt 00:03:59]} 28. Bxe6 {[%clk 00:55:36]} {[%emt 00:00:41]} Qxe6 {[%clk
00:58:35]} {[%emt 00:00:34]} 29. Qxe6 {[%clk 00:55:45]} {[%emt 00:00:21]} fxe6
{[%clk 00:58:47]} {[%emt 00:00:18]} 30. a4 {[%clk 00:55:40]} {[%emt 00:00:35]}
g6 {[%clk 00:58:23]} {[%emt 00:00:54]} 31. Be5 {[%clk 00:56:01]} {[%emt
00:00:08]} c6 {[%clk 00:58:18]} {[%emt 00:00:37]} 32. Bc7 {[%clk 00:56:16]}
{[%emt 00:00:14]} Kf7 {[%clk 00:58:42]} {[%emt 00:00:06]} 33. Bxa5 {[%clk
00:56:40]} {[%emt 00:00:07]} Ke7 {[%clk 00:58:56]} {[%emt 00:00:06]} 34. Bb4+
{[%clk 00:57:03]} {[%emt 00:00:17]} Kd7 {[%clk 00:59:18]} {[%emt 00:00:08]} 35.
Bc5 {[%clk 00:55:55]} {[%emt 00:01:38]} Kc7 {[%clk 00:59:33]} {[%emt 00:00:15]}
36. b4 {[%clk 00:56:10]} {[%emt 00:00:15]} e5 {[%clk 00:59:11]} {[%emt
00:00:52]} 37. f3 {[%clk 00:56:16]} {[%emt 00:00:23]} Kb7 {[%clk 00:58:05]}
{[%emt 00:01:37]} 38. Kf2 {[%clk 00:54:39]} {[%emt 00:02:07]} Kc7 {[%clk
00:57:32]} {[%emt 00:01:03]} 39. Ke3 {[%clk 00:54:58]} {[%emt 00:00:10]} Kd7
{[%clk 00:57:33]} {[%emt 00:00:29]} 40. Ke4 {[%clk 00:55:07]} {[%emt 00:00:22]}
Ke6 {[%clk 00:57:22]} {[%emt 00:00:40]} 41. a5 {[%clk 00:55:29]} {[%emt
00:00:08]} Kd7 {[%clk 00:57:44]} {[%emt 00:00:08]} 42. a6 {[%clk 00:55:45]}
{[%emt 00:00:14]} Kc7 {[%clk 00:58:13]} {[%emt 00:00:02]} 43. a7 {[%clk
00:56:08]} {[%emt 00:00:07]} Kb7 {[%clk 00:58:38]} {[%emt 00:00:04]} 44. Kxe5
{[%clk 00:56:25]} {[%emt 00:00:13]} g5 {[%clk 00:58:11]} {[%emt 00:00:57]} 45.
Kf5 {[%clk 00:56:43]} {[%emt 00:00:13]} g4 {[%clk 00:55:57]} {[%emt 00:02:44]}
46. Kxg4 {[%clk 00:57:01]} {[%emt 00:00:11]} Ka8 {[%clk 00:56:08]} {[%emt
00:00:20]} 47. f4 {[%clk 00:57:23]} {[%emt 00:00:08]} Kb7 {[%clk 00:54:58]}
{[%emt 00:01:40]} 48. f5 {[%clk 00:57:46]} {[%emt 00:00:07]} h5+ {[%clk
00:54:31]} {[%emt 00:00:58]} 49. Kxh5 {[%clk 00:58:02]} {[%emt 00:00:13]} Kc7
{[%clk 00:54:38]} {[%emt 00:00:23]} 50. a8=Q {[%clk 00:58:02]} {[%emt
00:00:29]} Kd7 {[%clk 00:54:55]} {[%emt 00:00:14]} 51. Qb7+ {[%clk 00:58:13]}
{[%emt 00:00:18]} Kd8 {[%clk 00:55:17]} {[%emt 00:00:08]} 52. Kg6 {[%clk
00:58:00]} {[%emt 00:00:43]} 1-0

[Event "DEM U12w 2023"]
[Site "Willingen GER"]
[Date "2023.05.28"]
[Round "2"]
[White "Krannich, Eva"]
[Black "Leicher, Anna"]
[Result "0-1"]
[Termination "normal"]
[Board "13"]
[WhiteElo "1025"]
[BlackElo "1306"]
[WhiteClock "00:39:51"]
[BlackClock "00:58:20"]
[PlyCount "98"]
[WhiteFideId "34639713"]
[BlackFideId "34614966"]
[EventCountry "GER"]
[EventRounds "9"]
[EventType "swiss"]
[EventDate "2023.05.27"]

1. e4 {[%clk 01:30:58]} e5 {[%clk 01:30:53]} {[%emt 00:00:07]} 2. Nf3 {[%clk
01:31:22]} {[%emt 00:00:07]} Nc6 {[%clk 01:31:07]} {[%emt 00:00:17]} 3. Bc4
{[%clk 01:31:44]} {[%emt 00:00:07]} Bc5 {[%clk 01:31:32]} {[%emt 00:00:06]} 4.
d3 {[%clk 01:31:51]} {[%emt 00:00:22]} h6 {[%clk 01:30:23]} {[%emt 00:01:39]}
5. Bb3 {[%clk 01:31:23]} {[%emt 00:00:58]} Nf6 {[%clk 01:30:16]} {[%emt
00:00:37]} 6. h3 {[%clk 01:31:30]} {[%emt 00:00:23]} d6 {[%clk 01:30:41]}
{[%emt 00:00:05]} 7. c3 {[%clk 01:31:11]} {[%emt 00:00:49]} Be6 {[%clk
01:30:09]} {[%emt 00:01:03]} 8. Bc2 {[%clk 01:30:51]} {[%emt 00:00:49]} d5
{[%clk 01:29:21]} {[%emt 00:01:18]} 9. Qe2 {[%clk 01:30:46]} {[%emt 00:00:34]}
O-O {[%clk 01:27:12]} {[%emt 00:02:40]} 10. Nbd2 {[%clk 01:29:07]} {[%emt
00:02:08]} d4 {[%clk 01:24:41]} {[%emt 00:03:03]} 11. c4 {[%clk 01:28:25]}
{[%emt 00:01:12]} Nb4 {[%clk 01:24:54]} {[%emt 00:00:17]} 12. Bd1 {[%clk
01:27:12]} {[%emt 00:01:41]} Nh5 {[%clk 01:24:21]} {[%emt 00:01:03]} 13. Nb3
{[%clk 01:21:52]} {[%emt 00:05:50]} Bd6 {[%clk 01:23:43]} {[%emt 00:01:04]} 14.
a3 {[%clk 01:18:26]} {[%emt 00:04:01]} Nc6 {[%clk 01:23:45]} {[%emt 00:00:25]}
15. Bc2 {[%clk 01:17:41]} {[%emt 00:01:18]} Qf6 {[%clk 01:22:48]} {[%emt
00:01:26]} 16. O-O {[%clk 01:12:39]} {[%emt 00:05:32]} Nf4 {[%clk 01:20:22]}
{[%emt 00:02:57]} 17. Bxf4 {[%clk 01:10:35]} {[%emt 00:02:33]} Qxf4 {[%clk
01:20:29]} {[%emt 00:00:24]} 18. Qd2 {[%clk 01:10:23]} {[%emt 00:00:41]} Qf6
{[%clk 01:20:12]} {[%emt 00:00:45]} 19. Rfe1 {[%clk 01:08:39]} {[%emt
00:02:17]} Bxh3 {[%clk 01:19:39]} {[%emt 00:01:04]} 20. gxh3 {[%clk 01:08:57]}
{[%emt 00:00:11]} Qxf3 {[%clk 01:19:59]} {[%emt 00:00:10]} 21. Kh2 {[%clk
01:08:22]} {[%emt 00:01:05]} Rfe8 {[%clk 01:19:55]} {[%emt 00:00:35]} 22. Rg1
{[%clk 01:07:48]} {[%emt 00:01:03]} Re6 {[%clk 01:19:49]} {[%emt 00:00:36]} 23.
Rg3 {[%clk 01:07:07]} {[%emt 00:01:11]} Qf4 {[%clk 01:19:09]} {[%emt 00:01:09]}
24. Rag1 {[%clk 01:04:54]} {[%emt 00:02:45]} g6 {[%clk 01:17:42]} {[%emt
00:01:57]} 25. Bd1 {[%clk 01:01:39]} {[%emt 00:03:45]} Rf6 {[%clk 01:17:11]}
{[%emt 00:00:55]} 26. Rf1 {[%clk 00:58:33]} {[%emt 00:03:42]} a5 {[%clk
01:16:08]} {[%emt 00:01:33]} 27. Kh1 {[%clk 00:56:32]} {[%emt 00:02:31]} a4
{[%clk 01:15:49]} {[%emt 00:00:50]} 28. Rf3 {[%clk 00:56:05]} {[%emt 00:00:56]}
Qh4 {[%clk 01:14:33]} {[%emt 00:01:43]} 29. Rxf6 {[%clk 00:55:31]} {[%emt
00:01:06]} Qxf6 {[%clk 01:14:31]} {[%emt 00:00:33]} 30. Nc1 {[%clk 00:55:30]}
{[%emt 00:00:31]} Qh4 {[%clk 01:14:47]} {[%emt 00:00:13]} 31. Kh2 {[%clk
00:54:17]} {[%emt 00:01:43]} Be7 {[%clk 01:14:39]} {[%emt 00:00:37]} 32. f4
{[%clk 00:52:21]} {[%emt 00:02:28]} exf4 {[%clk 01:14:42]} {[%emt 00:00:27]}
33. Qg2 {[%clk 00:50:36]} {[%emt 00:02:15]} Bd6 {[%clk 01:13:40]} {[%emt
00:01:32]} 34. Kh1 {[%clk 00:50:00]} {[%emt 00:01:06]} Ra5 {[%clk 01:13:28]}
{[%emt 00:00:41]} 35. Qg4 {[%clk 00:48:11]} {[%emt 00:02:21]} Qg3 {[%clk
01:11:15]} {[%emt 00:02:43]} 36. Qxg3 {[%clk 00:46:31]} {[%emt 00:02:09]} fxg3
{[%clk 01:11:34]} {[%emt 00:00:12]} 37. Kg2 {[%clk 00:46:40]} {[%emt 00:00:20]}
b5 {[%clk 01:09:15]} {[%emt 00:02:49]} 38. cxb5 {[%clk 00:46:32]} {[%emt
00:00:38]} Rxb5 {[%clk 01:09:16]} {[%emt 00:00:30]} 39. Bxa4 {[%clk 00:46:41]}
{[%emt 00:00:21]} Rxb2+ {[%clk 01:09:39]} {[%emt 00:00:07]} 40. Kg1 {[%clk
00:46:27]} {[%emt 00:00:43]} Ne5 {[%clk 01:08:40]} {[%emt 00:01:24]} 41. Bb3
{[%clk 00:45:33]} {[%emt 00:01:29]} Bxa3 {[%clk 01:07:04]} {[%emt 00:02:07]}
42. Bd1 {[%clk 00:44:51]} {[%emt 00:01:13]} Rd2 {[%clk 01:06:43]} {[%emt
00:00:47]} 43. Ne2 {[%clk 00:44:32]} {[%emt 00:00:51]} Rxd3 {[%clk 01:06:54]}
{[%emt 00:00:19]} 44. Kg2 {[%clk 00:43:44]} {[%emt 00:01:19]} Re3 {[%clk
01:04:54]} {[%emt 00:02:29]} 45. Nxg3 {[%clk 00:43:33]} {[%emt 00:00:41]} c5
{[%clk 01:02:59]} {[%emt 00:02:26]} 46. Rf2 {[%clk 00:42:33]} {[%emt 00:01:30]}
Nd3 {[%clk 01:00:39]} {[%emt 00:02:49]} 47. Ra2 {[%clk 00:42:16]} {[%emt
00:00:48]} Nf4+ {[%clk 01:00:42]} {[%emt 00:00:27]} 48. Kh2 {[%clk 00:41:39]}
{[%emt 00:01:07]} c4 {[%clk 00:59:14]} {[%emt 00:01:56]} 49. Rf2 {[%clk
00:39:51]} {[%emt 00:02:20]} Bd6 {[%clk 00:58:20]} {[%emt 00:01:24]} 0-1